Udržateľné stratégie v maloobchode a category management bakalárska práca

Saved in:
Bibliographic Details
Main Author: Bombera, Tomáš
Corporate Author: Obchodná fakulta EU. Katedra marketingu
Other Authors: Lipták, Pavol, 1998-
Format: Book
Language:Slovak
Published: Bratislava 2025
Tags: Add Tag
No Tags, Be the first to tag this record!

MARC

LEADER 00000nbm a2200000 4500
001 0311174
005 20251031123319.5
041 0 |a slo 
044 |a SK 
245 1 0 |a Udržateľné stratégie v maloobchode a category management  |b bakalárska práca  |c Tomáš Bombera ; školiteľ: Pavol Lipták 
264 1 |a Bratislava  |c 2025 
300 |a 46 s. 
100 1 |a Bombera, Tomáš 
700 1 |a Lipták, Pavol, 1998- 
710 2 |a Obchodná fakulta EU. Katedra marketingu